[Event "RSA-ch Seniors"]
[Site "Cape Town"]
[Date "2024.03.27"]
[Round "3"]
[White "Wilken, Justin Barend"]
[Black "Galleid, Stephen"]
[Result "1-0"]
[WhiteElo "1884"]
[BlackElo "1756"]
[PlyCount "55"]
[EventDate "2024.03.25"]
[EventType "tourn"]
[EventRounds "11"]
[EventCountry "RSA"]
[SourceTitle "CB14_2024"]
[SourceDate "2024.04.01"]
[SourceVersion "1"]
[SourceVersionDate "2024.04.01"]
[SourceQuality "1"]

1. e4 c6 2. d4 d5 3. e5 c5 4. dxc5 Nc6 5. f4 e6 6. Be3 d4 7. Bf2 Bxc5 8. Nf3 Qb6 9. Nbd2 Qxb2 10. Rb1 Qc3 11. Rb3 Qa5 12. Bd3 a6 13. 0-0 Qd8 14. Ne4 Be7 15. Kh1 Nh6 16. Nxd4 Na5 17. Rb1 0-0 18. Qh5 f5 19. exf6 Bxf6 20. Nxf6+ Rxf6 21. Bh4 Qxd4 22. Bxf6 Qxf6 23. Qxa5 Nf7 24. Qc7 g6 25. Be4 Qd8 26. Qxd8+ Nxd8 27. Rfd1 Nf7 28. Bxb7 1-0

[Event "South African op"]
[Site "Cape Town"]
[Date "2022.07.10"]
[Round "3"]
[White "Wilken, Justin Barend"]
[Black "Snyckers, Frank A"]
[Result "1-0"]
[WhiteElo "1862"]
[BlackElo "1797"]
[PlyCount "95"]
[EventDate "2022.07.09"]
[EventType "swiss"]
[EventRounds "11"]
[EventCountry "RSA"]
[SourceTitle "CBM 209 Extra"]
[Source "ChessBase"]
[SourceDate "2022.09.30"]
[SourceVersion "1"]
[SourceVersionDate "2022.09.30"]
[SourceQuality "1"]

1. d4 d5 2. Nf3 Nf6 3. Bf4 c5 4. e3 Nc6 5. c3 e6 6. Bd3 cxd4 7. exd4 Bd6 8. Bxd6 Qxd6 9. Qe2 0-0 10. Ne5 Nd7 11. f4 f5 12. Nd2 Nf6 13. 0-0 Bd7 14. Rae1 Ne4 15. Rf3 Rf6 16. Rh3 g6 17. Ndf3 Qc7 18. Ng5 Nxg5 19. fxg5 Rff8 20. Nxd7 Qxd7 21. Qxe6+ Qxe6 22. Rxe6 Rae8 23. Rhe3 Rxe6 24. Rxe6 Kf7 25. Rf6+ Ke7 26. Rxf8 Kxf8 27. Kf2 Nd8 28. Kf3 Ne6 29. h4 b6 30. Bc2 Ke7 31. g3 Kd6 32. Ba4 Ng7 33. g4 fxg4+ 34. Kxg4 Nf5 35. h5 Ke6 36. hxg6 hxg6 37. Be8 Ne7 38. Kf4 a6 39. a4 Kd6 40. Bf7 a5 41. b3 Kd7 42. Ke5 Kc6 43. Kf6 Kd6 44. Bxg6 Ng8+ 45. Kf7 Ne7 46. Bd3 Kd7 47. g6 Nxg6 48. Bxg6 1-0

[Event "RSA-chT Regions"]
[Site "Boksburg"]
[Date "2020.01.11"]
[Round "5.2"]
[White "Steenkamp, Johan J"]
[Black "Wilken, Justin Barend"]
[Result "1/2-1/2"]
[WhiteElo "2175"]
[BlackElo "1875"]
[PlyCount "95"]
[EventDate "2020.01.09"]
[EventType "team-swiss"]
[EventRounds "7"]
[EventCountry "RSA"]
[SourceTitle "CBM 194 Extra"]
[Source "ChessBase"]
[SourceDate "2020.03.31"]
[SourceVersion "1"]
[SourceVersionDate "2020.03.31"]
[SourceQuality "1"]
[WhiteTeam "Sedibeng"]
[BlackTeam "ENM"]
[WhiteTeamCountry "RSA"]
[BlackTeamCountry "RSA"]

1. Nf3 f5 2. c4 Nf6 3. Nc3 d6 4. d4 g6 5. g3 Bg7 6. Bg2 Na6 7. 0-0 c6 8. Rb1 Nc7 9. b4 Bd7 10. Qb3 0-0 11. d5 cxd5 12. cxd5 Nh5 13. Rd1 f4 14. Bb2 Bf5 15. Rbc1 fxg3 16. hxg3 Bh6 17. Nd2 Qd7 18. Qc4 Rac8 19. Qh4 Bg7 20. Bf3 Bf6 21. Qh2 Bg4 22. Nde4 Bg7 23. Bxg4 Qxg4 24. f3 Qd7 25. Kg2 Bh6 26. Rb1 Nb5 27. Rd3 Rc4 28. Nxb5 Qxb5 29. Qh3 Rf5 30. Bc3 Qb6 31. Qh4 Qc7 32. Bd2 Bxd2 33. Rxd2 Nf6 34. Nxf6+ exf6 35. Qh6 Rh5 36. Qe3 b5 37. f4 Rc3 38. Qe8+ Kg7 39. Rd4 Rc4 40. Rd3 Qb7 41. Rbd1 Rc7 42. Re3 Rxd5 43. Rxd5 Qxd5+ 44. Kf2 Qd4 45. Qxb5 Rc3 46. Qd7+ Kh6 47. Qh3+ Kg7 48. Qd7+ 1/2-1/2

[Event "RSA-chT Regions"]
[Site "Boksburg"]
[Date "2020.01.11"]
[Round "6.2"]
[White "Wilken, Justin Barend"]
[Black "Schnabel, Johann Emil"]
[Result "1-0"]
[WhiteElo "1875"]
[BlackElo "1784"]
[PlyCount "91"]
[EventDate "2020.01.09"]
[EventType "team-swiss"]
[EventRounds "7"]
[EventCountry "RSA"]
[SourceTitle "CBM 194 Extra"]
[Source "ChessBase"]
[SourceDate "2020.03.31"]
[SourceVersion "1"]
[SourceVersionDate "2020.03.31"]
[SourceQuality "1"]
[WhiteTeam "ENM"]
[BlackTeam "Western Province Youth"]
[WhiteTeamCountry "RSA"]
[BlackTeamCountry "RSA"]

1. e4 c5 2. a3 Nc6 3. b4 cxb4 4. axb4 Nxb4 5. c3 Nc6 6. d4 d5 7. exd5 Qxd5 8. Na3 e6 9. Nb5 Qd8 10. Bf4 e5 11. dxe5 Be6 12. Qa4 Bc5 13. Nf3 Nge7 14. Be2 0-0 15. 0-0 Ng6 16. Rad1 Qb8 17. Bg3 Nce7 18. Nd6 Bxd6 19. exd6 Nf5 20. c4 Nxg3 21. hxg3 Rd8 22. Qb4 b6 23. Ng5 Qc8 24. Rfe1 Bd7 25. Qb3 h6 26. Ne4 Be6 27. Rd4 Ne5 28. Qc3 f5 29. Nd2 Nf7 30. Qd3 Rb8 31. Bh5 Rb7 32. Nf3 Qd7 33. Bxf7+ Qxf7 34. Ne5 Qe8 35. f4 Bd7 36. Re3 Qf8 37. g4 fxg4 38. Ng6 Qf6 39. Ne7+ Kh8 40. f5 Rf8 41. Ng6+ Kg8 42. Nxf8 Kxf8 43. Rf4 g5 44. Rxg4 h5 45. Rge4 Kg8 46. Qd5+ 1-0

[Event "RSA-chT Regions"]
[Site "Boksburg"]
[Date "2020.01.10"]
[Round "3.2"]
[White "Wilken, Justin Barend"]
[Black "Simpson, Michael"]
[Result "1-0"]
[WhiteElo "1875"]
[BlackElo "1679"]
[PlyCount "67"]
[EventDate "2020.01.09"]
[EventType "team-swiss"]
[EventRounds "7"]
[EventCountry "RSA"]
[SourceTitle "CBM 194 Extra"]
[Source "ChessBase"]
[SourceDate "2020.03.31"]
[SourceVersion "1"]
[SourceVersionDate "2020.03.31"]
[SourceQuality "1"]
[WhiteTeam "ENM"]
[BlackTeam "Ekurhuleni Patzer Smashers"]
[WhiteTeamCountry "RSA"]
[BlackTeamCountry "RSA"]

1. d4 d5 2. Nf3 Nc6 3. e3 Bg4 4. c4 e6 5. Nbd2 Nf6 6. Qb3 Rb8 7. c5 a6 8. Qa4 Qd7 9. b4 Ne4 10. b5 axb5 11. Bxb5 f6 12. Nxe4 dxe4 13. Nd2 Bf5 14. Rb1 Rd8 15. Nc4 Kf7 16. Bxc6 bxc6 17. Rb7 Be7 18. Nb6 cxb6 19. Rxd7 Rxd7 20. cxb6 Rb8 21. 0-0 Rxb6 22. Ba3 Bxa3 23. Qxa3 Bg4 24. Re1 Rb5 25. h3 Bh5 26. Rc1 Rg5 27. Rc5 Rdd5 28. Rxd5 Rxd5 29. Qa7+ Kf8 30. a4 Be8 31. a5 e5 32. a6 exd4 33. exd4 Ra5 34. Qc5+ 1-0

[Event "Bloemfontein-ch op"]
[Site "Bloemfontein"]
[Date "2018.07.11"]
[Round "7"]
[White "Wilken, Justin Barend"]
[Black "Magagula, Raymond"]
[Result "1/2-1/2"]
[WhiteElo "1889"]
[BlackElo "1565"]
[PlyCount "45"]
[EventDate "2018.07.07"]
[EventType "swiss"]
[EventRounds "11"]
[EventCountry "RSA"]
[SourceTitle "EXT 2019"]
[Source "ChessBase"]
[SourceDate "2018.10.10"]
[SourceVersion "1"]
[SourceVersionDate "2018.10.10"]
[SourceQuality "1"]

1. e4 e6 2. d4 d5 3. Nc3 Nf6 4. Bg5 dxe4 5. Nxe4 Be7 6. Bxf6 Bxf6 7. Nf3 0-0 8. c3 Be7 9. Bd3 b6 10. Qe2 Bb7 11. 0-0 Nd7 12. Rad1 Nf6 13. Rfe1 Re8 14. Ne5 Nxe4 15. Bxe4 Bxe4 16. Qxe4 Qd5 17. Qb1 b5 18. Re3 Rad8 19. Rh3 g6 20. Rdd3 Bf6 21. f4 c5 22. Rhe3 cxd4 23. cxd4 1/2-1/2

[Event "Bloemfontein-ch op"]
[Site "Bloemfontein"]
[Date "2018.07.08"]
[Round "2"]
[White "Wilken, Justin Barend"]
[Black "Van der Merwe, Alexander"]
[Result "1-0"]
[WhiteElo "1889"]
[BlackElo "1476"]
[PlyCount "89"]
[EventDate "2018.07.07"]
[EventType "swiss"]
[EventRounds "11"]
[EventCountry "RSA"]
[SourceTitle "EXT 2019"]
[Source "ChessBase"]
[SourceDate "2018.10.10"]
[SourceVersion "1"]
[SourceVersionDate "2018.10.10"]
[SourceQuality "1"]

1. d4 Nf6 2. Bg5 Ne4 3. Bf4 d5 4. f3 Nf6 5. Nc3 e6 6. e4 Bb4 7. e5 Nfd7 8. Be3 c5 9. a3 cxd4 10. Bxd4 Ba5 11. b4 Bb6 12. f4 Nc6 13. Nf3 Nxd4 14. Nxd4 a6 15. Be2 Nxe5 16. Na4 Ba7 17. 0-0 Nc6 18. c3 0-0 19. Qd2 Qd6 20. Kh1 Bd7 21. Nb2 e5 22. Nxc6 Bxc6 23. Nc4 Qh6 24. Nxe5 Rfe8 25. Nxc6 bxc6 26. Rf3 Qe6 27. Bd3 Re7 28. Raf1 Rae8 29. Bxa6 Be3 30. Qc2 h6 31. Bd3 Qf6 32. a4 Qd6 33. Qb3 Ba7 34. c4 Rb8 35. Rb1 dxc4 36. Qxc4 Qc7 37. Rc1 Be3 38. Rb1 Rbe8 39. Rff1 Rd8 40. b5 cxb5 41. Qxc7 Rxc7 42. Bxb5 Rc2 43. Rbd1 Rxd1 44. Rxd1 Bxf4 45. Rd8+ 1-0

[Event "Africa KCF Inv tt"]
[Site "Brakpan"]
[Date "2017.10.07"]
[Round "4.3"]
[White "Mbedza, Richard"]
[Black "Wilken, Justin Barend"]
[Result "1-0"]
[WhiteElo "1984"]
[BlackElo "1953"]
[PlyCount "133"]
[EventDate "2017.10.05"]
[EventType "team-tourn"]
[EventRounds "7"]
[EventCountry "RSA"]
[SourceTitle "CBM 181 Extra"]
[Source "ChessBase"]
[SourceDate "2017.12.12"]
[SourceVersion "1"]
[SourceVersionDate "2017.12.12"]
[SourceQuality "1"]
[WhiteTeam "RSA Inv III"]
[BlackTeam "RSA Inv II"]
[WhiteTeamCountry "RSA"]
[BlackTeamCountry "RSA"]

1. e4 d5 2. Nc3 dxe4 3. Nxe4 Bf5 4. Qf3 Bxe4 5. Qxe4 c6 6. Nf3 Nf6 7. Qh4 e6 8. d4 Nbd7 9. Bd3 Nd5 10. Qe4 N7f6 11. Qe2 Bb4+ 12. Kf1 Bd6 13. g3 Nb4 14. Bc4 b5 15. Bb3 0-0 16. c3 Nbd5 17. Kg2 Qc7 18. Re1 Qb7 19. Kg1 c5 20. Bc2 cxd4 21. Nxd4 Rab8 22. Bd3 Nc7 23. Bg5 Nfd5 24. Qe4 g6 25. Qh4 Rfe8 26. Be4 Qc8 27. Rad1 Rb6 28. Re2 Bf8 29. Rde1 Bg7 30. Nf3 Rd6 31. Bh6 Qd8 32. Ng5 Bf6 33. f4 Nb6 34. Qh3 Bxg5 35. Bxg5 f6 36. Bh6 Rd1 37. Qf1 Rxe1 38. Qxe1 Re7 39. Rd2 Rd7 40. Rxd7 Qxd7 41. g4 Nc4 42. f5 exf5 43. gxf5 Nd6 44. fxg6 Qg4+ 45. Bg2 hxg6 46. h3 Qh5 47. Bf4 Qc5+ 48. Kh1 Nf5 49. Qe4 Kf7 50. Qb7 Nd6 51. Qb8 Nde8 52. Qd8 g5 53. Bg3 a5 54. Qd7+ Qe7 55. Qd3 Kg7 56. h4 b4 57. hxg5 fxg5 58. Qd4+ Kg8 59. c4 Ne6 60. Bd5 Qh7+ 61. Kg2 N8g7 62. Qf6 Qc2+ 63. Bf2 Qe2 64. Qxg5 Kf8 65. Qf6+ Kg8 66. Qg5 a4 67. b3 1-0

[Event "South African op"]
[Site "Durban"]
[Date "2017.07.22"]
[Round "11"]
[White "Wilken, Justin Barend"]
[Black "Abrantes, Persson"]
[Result "1-0"]
[WhiteElo "1920"]
[BlackElo "2003"]
[PlyCount "179"]
[EventDate "2017.07.14"]
[EventType "swiss"]
[EventRounds "11"]
[EventCountry "RSA"]
[SourceTitle "CBM 179 Extra"]
[Source "ChessBase"]
[SourceDate "2017.08.23"]
[SourceVersion "1"]
[SourceVersionDate "2017.08.23"]
[SourceQuality "1"]

1. e4 d6 2. d4 g6 3. Nc3 Bg7 4. Be3 Nf6 5. h3 0-0 6. Nf3 e5 7. dxe5 dxe5 8. Bc5 Qxd1+ 9. Rxd1 Re8 10. Bc4 h6 11. 0-0 b6 12. Ba3 Bb7 13. Nd5 Nxd5 14. Bxd5 c6 15. Bb3 c5 16. Rfe1 Nc6 17. c3 Rad8 18. Bd5 Na5 19. Bxb7 Nxb7 20. b3 b5 21. Kf1 a5 22. Ke2 b4 23. Bb2 Nd6 24. Kf1 Nb5 25. cxb4 axb4 26. Rxd8 Rxd8 27. Rc1 Rc8 28. Nxe5 Ra8 29. Rxc5 Rxa2 30. Rxb5 Rxb2 31. Rb8+ Kh7 32. Nc6 Rxb3 33. Rxb4 Rc3 34. Nd8 Rd3 35. Rb8 Rd7 36. Nc6 Rc7 37. Rb6 Bf8 38. Ke2 Bc5 39. Ra6 Rb7 40. Ra2 Rb6 41. Ne5 Re6 42. Nxf7 Rxe4+ 43. Kf1 Re7 44. Nd8 Bb4 45. g3 Rd7 46. Nc6 Bc5 47. Ne5 Rd1+ 48. Kg2 g5 49. g4 Rd5 50. Nf3 Bb6 51. Rb2 Bc5 52. Rd2 Rd6 53. Rxd6 Bxd6 54. Nd4 Kg6 55. Kf3 Bf4 56. Ke4 Bc1 57. Ne2 Bb2 58. Ng3 Ba1 59. Kd5 Bb2 60. f3 Ba1 61. Ke6 Bb2 62. Nf5 Ba3 63. Ne7+ Kg7 64. Nc6 Bb2 65. Kf5 Bc3 66. Nd8 Bd2 67. Ne6+ Kf7 68. f4 gxf4 69. Nxf4 Bc1 70. h4 Bd2 71. Nd3 Be3 72. Ne5+ Kg7 73. h5 Bc1 74. Ke6 Bb2 75. Nc6 Bc1 76. Ne7 Bd2 77. Nf5+ Kh7 78. Kf7 Bc1 79. Ne7 Ba3 80. Ng8 Bc1 81. Nf6+ Kh8 82. Kg6 Bd2 83. Ne8 Bf4 84. Ng7 Bc1 85. Nf5 Bd2 86. Nxh6 Bc1 87. Nf7+ Kg8 88. h6 Bb2 89. h7+ Kf8 90. h8Q+ 1-0

[Event "Boksburg Inter Region-ch"]
[Site "Boksburg"]
[Date "2016.12.21"]
[Round "4.3"]
[White "Wilken, Justin Barend"]
[Black "Gluckman, Paul"]
[Result "0-1"]
[WhiteElo "1850"]
[BlackElo "1808"]
[PlyCount "36"]
[EventDate "2016.12.20"]
[EventType "team-swiss"]
[EventRounds "7"]
[EventCountry "RSA"]
[SourceTitle "CBM 176 Extra"]
[Source "ChessBase"]
[SourceDate "2017.03.02"]
[SourceVersion "1"]
[SourceVersionDate "2017.03.02"]
[SourceQuality "1"]
[WhiteTeam "Rebels"]
[BlackTeam "Chess WP II"]
[WhiteTeamCountry "RSA"]
[BlackTeamCountry "RSA"]

1. d4 Nf6 2. Nf3 g6 3. Nc3 d5 4. Bf4 Bg7 5. e3 0-0 6. Be2 c6 7. Ne5 Nbd7 8. h4 Ne4 9. h5 Qa5 10. hxg6 fxg6 11. Nxd7 Bxd7 12. f3 Rxf4 13. exf4 Ng3 14. Rh2 Qb4 15. Qd2 Bxd4 16. 0-0-0 Bxc3 17. bxc3 Nxe2+ 18. Qxe2 Qxf4+ 0-1

[Event "Johannesburg Redpath op"]
[Site "Johannesburg"]
[Date "2016.07.16"]
[Round "7"]
[White "Wilken, Justin Barend"]
[Black "Mpya, Tshediso M"]
[Result "1-0"]
[WhiteElo "1854"]
[BlackElo "1941"]
[PlyCount "79"]
[EventDate "2016.07.13"]
[EventType "swiss"]
[EventRounds "9"]
[EventCountry "RSA"]
[SourceTitle "CBM 173 Extra"]
[Source "ChessBase"]
[SourceDate "2016.08.29"]
[SourceVersion "1"]
[SourceVersionDate "2016.08.29"]
[SourceQuality "1"]

1. e4 c6 2. Nf3 d5 3. Nc3 dxe4 4. Nxe4 Nf6 5. Nxf6+ exf6 6. Be2 Bd6 7. 0-0 0-0 8. d4 Re8 9. c4 Bg4 10. h3 Bh5 11. Be3 Nd7 12. Qd2 f5 13. Rfe1 Qc7 14. c5 f4 15. cxd6 fxe3 16. fxe3 Qxd6 17. Nh4 Bxe2 18. Qxe2 Re4 19. Nf5 Qg6 20. Rf1 Rae8 21. Rf3 Qe6 22. Raf1 Kh8 23. Ng3 Rxe3 24. Rxe3 Qxe3+ 25. Qxe3 Rxe3 26. Rxf7 Rxg3 27. Rxd7 Kg8 28. Rxb7 a5 29. Rb6 Rd3 30. Rxc6 Rxd4 31. Rc2 a4 32. Kf2 a3 33. b3 Rd3 34. Ke2 Rg3 35. Kd1 Kf7 36. Re2 h5 37. b4 g5 38. Kd2 Kf6 39. b5 g4 40. h4 1-0

[Event "Johannesburg Redpath op"]
[Site "Johannesburg"]
[Date "2016.07.13"]
[Round "1"]
[White "Smith, Elani"]
[Black "Wilken, Justin Barend"]
[Result "1-0"]
[WhiteElo "1168"]
[BlackElo "1854"]
[PlyCount "140"]
[EventDate "2016.07.13"]
[EventType "swiss"]
[EventRounds "9"]
[EventCountry "RSA"]
[SourceTitle "CBM 173 Extra"]
[Source "ChessBase"]
[SourceDate "2016.08.29"]
[SourceVersion "1"]
[SourceVersionDate "2016.08.29"]
[SourceQuality "1"]

1. e4 c6 2. d4 d5 3. Nc3 g6 4. Nf3 Bg4 5. Be2 Bxf3 6. Bxf3 e6 7. 0-0 Bg7 8. Be3 Ne7 9. Ne2 Nd7 10. c3 0-0 11. Ng3 f5 12. exf5 Nxf5 13. Nxf5 exf5 14. Qd2 Qb6 15. Rfe1 Nf6 16. g3 Ne4 17. Qc2 Rae8 18. Bg2 Nd6 19. Bf4 Nf7 20. Re2 Qa6 21. Be3 Re6 22. b3 Rfe8 23. Rae1 b6 24. c4 dxc4 25. bxc4 Qc8 26. d5 cxd5 27. cxd5 R6e7 28. Rd1 Nd6 29. Rc1 Qa6 30. Ree1 Bd4 31. Qd2 Bf6 32. Bf4 Nc4 33. Qb4 Qa3 34. Bd2 Rxe1+ 35. Rxe1 Rxe1+ 36. Bxe1 Qxb4 37. Bxb4 a5 38. Bf1 Ne5 39. Bd6 Nf3+ 40. Kg2 Ne1+ 41. Kg1 Bd4 42. Bc7 Kf8 43. d6 Nf3+ 44. Kg2 Ne5 45. f4 Nf7 46. Bc4 Nxd6 47. Bxd6+ Ke8 48. a4 Kd7 49. Be5 Bc5 50. Kf3 Ke7 51. h3 h5 52. g4 h4 53. gxf5 gxf5 54. Bc3 Kd7 55. Be1 Be7 56. Bd3 Ke6 57. Bf2 Bd8 58. Ke3 Be7 59. Kd2 Bd6 60. Bxb6 Bxf4+ 61. Ke2 Bd6 62. Bxa5 Ke5 63. Be1 Bc7 64. Bxh4 Kf4 65. Be1 Kg5 66. a5 f4 67. a6 Bb8 68. Bf2 Kh5 69. a7 Bxa7 70. Bxa7 Kh4 1-0

[Event "Johannesburg PSS op"]
[Site "Johannesburg"]
[Date "2016.04.23"]
[Round "5"]
[White "Van der Westhuizen, Willem"]
[Black "Wilken, Justin Barend"]
[Result "1/2-1/2"]
[WhiteElo "2066"]
[BlackElo "1879"]
[PlyCount "82"]
[EventDate "2016.04.23"]
[EventType "swiss"]
[EventRounds "10"]
[EventCountry "RSA"]
[SourceTitle "CBM 172 Extra"]
[Source "ChessBase"]
[SourceDate "2016.06.21"]
[SourceVersion "1"]
[SourceVersionDate "2016.06.21"]
[SourceQuality "1"]

1. e4 e6 2. d4 d5 3. Nc3 dxe4 4. Nxe4 Nd7 5. g3 Ngf6 6. Nxf6+ Nxf6 7. Bg2 Be7 8. Nf3 0-0 9. 0-0 c5 10. dxc5 Qxd1 11. Rxd1 Bxc5 12. Ne5 h6 13. a3 a5 14. b3 Ra6 15. Bb2 Rd6 16. Rxd6 Bxd6 17. Rd1 Rd8 18. Nc4 Bc7 19. Rxd8+ Bxd8 20. Nd6 Bd7 21. Nxb7 Bb6 22. c4 Kf8 23. c5 Bc7 24. c6 Be8 25. Bxf6 gxf6 26. Kf1 f5 27. Ke2 e5 28. Bd5 e4 29. Kd2 Ke7 30. f3 Kf6 31. fxe4 Ke5 32. Kd3 f6 33. Nc5 Kd6 34. Kc4 fxe4 35. Nxe4+ Ke5 36. Nc3 Bh5 37. Nb5 Be2+ 38. Kc5 Bxb5 39. Bf3 Bf1 40. b4 axb4 41. axb4 f5 1/2-1/2

[Event "Johannesburg PSS op"]
[Site "Johannesburg"]
[Date "2016.04.23"]
[Round "2"]
[White "Wilken, Justin Barend"]
[Black "Oatlhotse, Providence"]
[Result "0-1"]
[WhiteElo "1879"]
[BlackElo "2295"]
[PlyCount "86"]
[EventDate "2016.04.23"]
[EventType "swiss"]
[EventRounds "10"]
[EventCountry "RSA"]
[SourceTitle "CBM 172 Extra"]
[Source "ChessBase"]
[SourceDate "2016.06.21"]
[SourceVersion "1"]
[SourceVersionDate "2016.06.21"]
[SourceQuality "1"]

1. d4 Nf6 2. Bg5 Ne4 3. Bf4 c5 4. d5 Qb6 5. Qc1 g6 6. f3 Bg7 7. c3 Nf6 8. e4 0-0 9. Nd2 d6 10. Nc4 Qd8 11. a4 b6 12. Bh6 e6 13. Bxg7 Kxg7 14. dxe6 Bxe6 15. Qd2 d5 16. Rd1 Qe7 17. exd5 Bxd5+ 18. Kf2 Nc6 19. Nh3 Rad8 20. Qg5 h6 21. Qc1 Rfe8 22. Nf4 g5 23. Nxd5 Nxd5 24. Re1 Qxe1+ 25. Qxe1 Rxe1 26. Kxe1 f5 27. Kf2 Kf6 28. Be2 Nf4 29. Rd1 Rxd1 30. Bxd1 Ne5 31. Nxe5 Kxe5 32. Bc2 Nd5 33. g3 f4 34. Bd3 Ne3 35. Ke2 h5 36. Bg6 fxg3 37. hxg3 Nf5 38. Kf2 h4 39. gxh4 gxh4 40. Bh5 Kf4 41. b4 Ne3 42. bxc5 bxc5 43. Kg1 Ke5 0-1

[Event "RSA-chT Regions"]
[Site "Cape Town"]
[Date "2016.01.09"]
[Round "3.3"]
[White "Wilken, Justin Barend"]
[Black "Klaasen, Calvin Jong"]
[Result "0-1"]
[WhiteElo "1889"]
[BlackElo "2168"]
[PlyCount "52"]
[EventDate "2016.01.08"]
[EventType "team-swiss"]
[EventRounds "7"]
[EventCountry "RSA"]
[SourceTitle "CBM 170 Extra"]
[Source "ChessBase"]
[SourceDate "2016.02.25"]
[SourceVersion "1"]
[SourceVersionDate "2016.02.25"]
[SourceQuality "1"]
[WhiteTeam "Tshwane II"]
[BlackTeam "Western Province"]
[WhiteTeamCountry "RSA"]
[BlackTeamCountry "RSA"]

1. d4 Nf6 2. c4 e6 3. Nc3 Bb4 4. a3 Bxc3+ 5. bxc3 0-0 6. f3 Nh5 7. Nh3 f5 8. Bg5 Qe8 9. e3 d6 10. Be2 Nc6 11. 0-0 e5 12. c5 f4 13. d5 Ne7 14. cxd6 cxd6 15. Bb5 Qf7 16. Nf2 Nf5 17. Re1 Nxe3 18. Rxe3 fxe3 19. Bxe3 Nf4 20. Ne4 Qg6 21. Ra2 Bf5 22. Ng3 h5 23. Bxf4 exf4 24. Nxf5 Qxf5 25. Re2 Rac8 26. Qd4 Qb1+ 0-1

[Event "Johannesburg Tsogo Sun op"]
[Site "Johannesburg"]
[Date "2015.07.19"]
[Round "9"]
[White "Wilken, Justin Barend"]
[Black "Gluckman, Paul"]
[Result "1-0"]
[WhiteElo "1970"]
[BlackElo "1760"]
[PlyCount "127"]
[EventDate "2015.07.15"]
[EventType "swiss"]
[EventRounds "9"]
[EventCountry "RSA"]
[SourceTitle "CBM 167 Extra"]
[Source "ChessBase"]
[SourceDate "2015.09.14"]
[SourceVersion "1"]
[SourceVersionDate "2015.09.14"]
[SourceQuality "1"]

1. d4 Nf6 2. Bg5 Ne4 3. Bf4 d5 4. Nd2 Nxd2 5. Qxd2 Bf5 6. Nf3 h6 7. e3 e6 8. Be2 Be7 9. 0-0 Nd7 10. c4 0-0 11. cxd5 exd5 12. Rac1 c6 13. Bd3 Bxd3 14. Qxd3 Nf6 15. Nd2 Bd6 16. Bxd6 Qxd6 17. Nf3 Rfe8 18. Qb3 Re7 19. Ne5 Ne4 20. Qc2 Qf6 21. b4 Nd6 22. Rfe1 Qg5 23. a4 f6 24. Nf3 Qg4 25. Qc5 Qe6 26. Nd2 a6 27. Qc2 a5 28. bxa5 Rxa5 29. Nb3 Ra7 30. Nc5 Qf7 31. Rb1 Nc4 32. Rb4 f5 33. Nd3 f4 34. exf4 Rxe1+ 35. Nxe1 Qxf4 36. Qd3 b6 37. g3 Qf6 38. Nf3 Rf7 39. Kg2 g5 40. h3 h5 41. Qe2 g4 42. hxg4 hxg4 43. Ne5 Nxe5 44. dxe5 Qf3+ 45. Qxf3 gxf3+ 46. Kh3 Rb7 47. Kg4 c5 48. Rb5 Ra7 49. Rxb6 Rxa4+ 50. Kxf3 Kf7 51. Rc6 c4 52. g4 d4 53. Ke4 d3 54. Ke3 Ke7 55. g5 Ra5 56. f4 Rd5 57. Kd2 Kd7 58. Rxc4 Ke6 59. g6 Ke7 60. Re4 Ke6 61. Re3 Kf5 62. e6 Rd8 63. e7 Re8 64. g7 1-0